Precalculus: Functions and Graphs (Record no. 1016)

MARC details
005 - DATE AND TIME OF LATEST TRANSACTION
control field 20250319150452.0
020 ## - INTERNATIONAL STANDARD BOOK NUMBER
International Standard Book Number 0-8791-258-7
082 ## - DEWEY DECIMAL CLASSIFICATION NUMBER
Classification number 512.12 MUN
100 ## - MAIN ENTRY--PERSONAL NAME
Author name MUNEM, M.A.
245 ## - TITLE STATEMENT
Title Precalculus: Functions and Graphs
250 ## - EDITION STATEMENT
Edition statement 4th Ed.
260 ## - PUBLICATION, DISTRIBUTION, ETC.
Place of publication, distribution, etc. New York
Name of publisher, distributor, etc. Worth Publishers, INC
Date of publication, distribution, etc. 1985
300 ## - PHYSICAL DESCRIPTION
Extent xi,557p., ill., tables
Other physical details Index
Dimensions 25cm.
700 ## - ADDED ENTRY--PERSONAL NAME
Other authors/Editors YIZZE, J.P.
942 ## - ADDED ENTRY ELEMENTS (KOHA)
Source of classification or shelving scheme Dewey Decimal Classification
Koha item type Books
Holdings
Date last seen Total checkouts Full call number Barcode Cost, replacement price Price effective from Koha item type Lost status Source of classification or shelving scheme Damaged status Not for loan Withdrawn status Home library Current library Shelving location Date acquired Cost, normal purchase price
03/19/2025   512.12 MUN, L.M. 000001562 60000.00 03/19/2025 Books   Dewey Decimal Classification       College of Business Education Main Library College of Business Education Main Library General Collection 03/19/2025 20000.00
03/19/2025   512.12 MUN, L.M. 000001563 60000.00 03/19/2025 Books   Dewey Decimal Classification       College of Business Education Main Library College of Business Education Main Library General Collection 03/19/2025 20000.00